Loading...

MCQs in Commerce

Bibliographic Details
Main Author: D Ilangovan
Format: Printed Book
Published: Mangalore United publishers
Subjects:
LEADER 00407nam a22001217a 4500
082 |a 371.262  |b ILA.C 
100 |a D Ilangovan 
245 |a MCQs in Commerce 
260 |a Mangalore  |b United publishers 
650 |a UDC- NET/JRF  |a UPSC  |a PSC examination 
942 |c BK 
999 |c 5644  |d 5644 
952 |0 0  |1 0  |4 0  |6 371_262000000000000_ILA_C  |7 0  |8 REF  |9 6515  |a CAMPUS  |b CAMPUS  |d 2015-09-09  |l 0  |o 371.262 ILA.C  |p 14450  |r 2015-09-09  |w 2015-09-09  |y BK